| 000 | 01041pam a2200301 a 4500 | ||
|---|---|---|---|
| 001 | 1684 | ||
| 005 | 20250730141538.0 | ||
| 020 | _a059010313X | ||
| 040 |
_aDLC _cDLC _dDLC _beng |
||
| 050 | 0 | 0 |
_aPZ7.B7175 _bMo 1995 |
| 082 | 0 | 0 |
_a813 _220 |
| 100 | 1 | _aBradby, Marie | |
| 245 | 1 | 0 |
_aMore than anything else / _cstory by Marie Bradby ; pictures by Chris K. Soentpiet. |
| 250 | _aFirst Scholastic printing, February 1997 | ||
| 260 |
_aNew York : _bScholastic, _c1995 |
||
| 300 |
_a30 pages : _bcolor illustrations ; _c26 cm |
||
| 500 | _a"A Richard Jackson book." | ||
| 505 | _aN | ||
| 520 | _aNine-year-old Booker works with his father and brother at the saltworks but dreams of the day when he'll be able to read. | ||
| 521 |
_a570
_bLexile |
||
| 521 |
_aN
_bRaz-Plus |
||
| 650 | 1 |
_aAfrican Americans _vFiction. |
|
| 650 | 1 |
_aBooks and reading _vFiction. |
|
| 650 | 0 |
_aSalt workers _vFiction. |
|
| 700 | 1 |
_aSoentpiet, Chris K. _eillustrator |
|
| 906 |
_a7 _bcbc _corignew _d1 _eocip _f19 _gy-gencatlg |
||
| 942 |
_2ddc _cBK _n0 |
||
| 999 |
_c1684 _d1684 |
||